| 000 | 00437nam a22001697a 4500 | ||
|---|---|---|---|
| 005 | 20230613093551.0 | ||
| 008 | 230613b ||||| |||| 00| 0 eng d | ||
| 040 | _cAL | ||
| 041 | _aEnglish | ||
| 082 |
_223 _a580/130 _bPERE |
||
| 100 |
_aK Periasamy _9123694 |
||
| 245 | _aElements of Plant Ecology | ||
| 260 |
_aDelhi _bEmkay Publications |
||
| 650 |
_aPlant Ecology _9123695 |
||
| 700 |
_aPERIASAMY (K) _9123696 |
||
| 942 |
_2ddc _cBB |
||
| 999 |
_c227501 _d227501 |
||